000 00702nam a2200277Ia 4500
005 20260324115242.0
008 008 260324s9999 xx 000 0 eng d
020 _a9781315151564
037 _aEBOOK
040 _aCRL
040 _beng
040 _cCRL
041 _2eng
041 _aeng
084 _qCRL
100 _aSanto Banerjee; Sayan Mukherjee; M K Hassan; A Gowrisankar
_91153953
245 0 _aFractal Patterns in Nonlinear Dynamics and Applications
260 _bTaylor and Francis
260 _c2019
365 _a
365 _b340
856 _uhttp://www.taylorfrancis.com/books/9781315151564
942 _cEBOOK
999 _c1744688
_d1744688